000 01004nam a2200265 c 4500
003 BLK
005 20250104110601.0
008 180408b bul|||||r ||||||| ||bul||
020 _a9786197609189
040 _aBLK
041 _aBUL
_cBUL
080 _aРумънска литература
_b821.135.1
_x-31
_z821.135.1-31
100 1 _aАдамещяну, Габриела
_eпърви автор
_929527
139 _aАдамещяну, Габриела
_bА 28
245 1 0 _aГласове от дистанция
_bРоман
_cГабриела Адамещяну; прев. от рум. Румяна Лъчезарова Станчева.
257 _aROM
260 _bПанорама
_c2023
_aСофия
300 _a296 с.
_c20 см
380 _aX
700 1 _aСтанчева, Румяна Лъчезарова
_eпрев. от рум.
_9366249
856 4 _qpdf
856 4 _qpdf
942 _cKNG
_n0
_06
999 _c515369
_d515369
944 _a30545
_cНора Радева
_k30553
_lИваничка Йорданова